|
|
|
|
| LEADER |
02314nas a2200517 i 4500 |
| 001 |
000806306 |
| 003 |
CZ BrMZK |
| 005 |
20190104114054.0 |
| 007 |
ta |
| 008 |
060120c20069999xr x 0 a0cze d |
| 040 |
|
|
|a BOA001
|b cze
|e rda
|
| 072 |
|
7 |
|a 00
|x Věda. Všeobecnosti. Základy vědy a kultury. Vědecká práce
|2 Konspekt
|9 12
|
| 080 |
|
|
|a 378.6:351.74
|2 MRF
|
| 080 |
|
|
|a 37.091.212.2
|2 MRF
|
| 080 |
|
|
|a 0/9
|2 MRF
|
| 080 |
|
|
|a (437.3)
|2 MRF
|
| 080 |
|
|
|a (079.1)
|2 MRF
|
| 245 |
0 |
0 |
|a Policejní akademie ČR :
|b bakalářské přijímačky s komentářem ...
|
| 246 |
3 |
|
|a Bakalářské přijímačky s komentářem - Policejní akademie ČR
|
| 246 |
2 |
1 |
|a Bakalářské přijímačky na Policejní vysokou školu .... s komentářem
|f 2017/2018
|
| 264 |
|
1 |
|a Sezimovo Ústí :
|b NaVysokou,
|c [2006]-
|
| 264 |
3 |
1 |
|3 2017/2018-
|a Dašice :
|b NaVysokou
|
| 300 |
|
|
|a ^^^svazků ;
|c 30 cm
|
| 310 |
|
|
|a Nepravidelně
|
| 336 |
|
|
|a text
|b txt
|2 rdacontent
|
| 337 |
|
|
|a bez média
|b n
|2 rdamedia
|
| 338 |
|
|
|a svazek
|b nc
|2 rdacarrier
|
| 500 |
|
|
|a Jednotlivé svazky mají vlastní ISBN
|
| 500 |
|
|
|a Vydáváno ex post
|
| 521 |
8 |
|
|a Pro studenty, zaměstnance MV ČR, PČR, Hasičských záchranných sborů, BIS, Vězeňské služby, Vojenské policie, celních ředitelství, obecních a městských policií, obecních úřadů a všechny další zájemce
|
| 541 |
|
|
|c pv-r
|
| 610 |
2 |
7 |
|a Policejní akademie České republiky
|7 ko2002101936
|2 czenas
|
| 650 |
0 |
7 |
|a vysoké policejní školy
|7 ph173140
|z Česko
|2 czenas
|
| 650 |
0 |
7 |
|a přijímací zkoušky
|7 ph124916
|2 czenas
|
| 650 |
0 |
7 |
|a všeobecné znalosti
|7 ph127322
|2 czenas
|
| 655 |
|
7 |
|a příručky
|7 fd133209
|2 czenas
|
| 710 |
2 |
|
|a Policejní akademie České republiky
|7 ko2002101936
|4 orm
|
| 856 |
4 |
1 |
|u http://www.NaVysokou.cz
|y www.NaVysokou.cz
|
| 902 |
|
|
|a 80-86959-01-5
|q (2005/2006)
|
| 902 |
|
|
|a 978-80-86959-31-3
|q (2017/2018 :
|q brožováno)
|
| 910 |
|
|
|a BOA001
|b 4-1153.822
|s 2005/2006, 2017/2018-
|
| 952 |
|
|
|a e-xr-ji
|
| 990 |
|
|
|a SE
|
| 991 |
|
|
|b 20060120
|
| 996 |
6 |
|
|b 2610272678
|c 4-1153.822
|d 2005-2006
|y 2005-2006
|l MZK
|r Sklad / do 1 hodiny
|n 1
|p p.v.
|w 000806306
|u 000010
|a 1
|e BOA001
|j MZK50
|s P
|
| 996 |
6 |
|
|b 2610766185
|c 4-1153.822
|d 2017-2018
|v 2017-2018
|y 2017-2018
|l MZK
|r Sklad / do 1 hodiny
|n 0
|p p.v.
|w 000806306
|u 000020
|a 1
|e BOA001
|j MZK50
|s P
|